Protección contra la explotación sexual y el abuso en las crisis humanitarias: la respuesta de la comunidad humanitaria /
Na minha lista:
| Autor principal: | |
|---|---|
| Outros Autores: | |
| Formato: | Texto |
| Assuntos: | |
| Tags: |
Adicionar Tag
Sem tags, seja o primeiro a adicionar uma tag!
|
MARC
| LEADER | 00000 a a2200000 04500 | ||
|---|---|---|---|
| 001 | 9713 | ||
| 003 | |||
| 040 | |||
| 100 | |a Levine, Lain | ||
| 245 | |a Protección contra la explotación sexual y el abuso en las crisis humanitarias: |b la respuesta de la comunidad humanitaria / |c Lain Levine ; Mark Bowden | ||
| 650 | |a DESPLAZADOS | ||
| 650 | |a MUJERES | ||
| 650 | |a NIÑOS | ||
| 650 | |a PROTECCION SOCIAL | ||
| 700 | |a Bowden, Mark | ||
| 773 | |g número 15; páginas 20-21 | ||
| 999 | |c 32493 |d 32493 | ||
